Mad Maps II Quiz Stats

 Plays Quiz not verified by Sporcle

Challenge
Share
Tweet
Score 0/45 Timer 15:00
0 Plays Today
Category Map % Correct
Named after this monarchLouis XIV
86.6%
Acquired by which historical figureAlexander the Great
80.6%
International UnionEuropean Union
79.7%
River/River SystemThames
75%
Acquired by which historical figureNapoleon I
73.7%
IslandGreat Britain
73.3%
Named after this monarchVictoria
72.8%
Overseas DependencyGreenland
72.4%
Acquired by which historical figureAdolf Hitler
72%
International UnionNorth Atlantic Treaty Organisation
72%
CitySan Francisco
71.1%
River/River SystemDanube
68.5%
Acquired by which historical figureThomas Jefferson
67.2%
River/River SystemYellow
65.9%
IslandSouth Island
65.9%
International UnionOrganization of Petroleum Exporting Countries
65.1%
Overseas DependencyIsle of Man
63.8%
CitySaint Petersburg
62.9%
Transport Route/SystemNew York City Subway
62.9%
IslandHispaniola
62.5%
IslandBorneo
62.1%
Overseas DependencyGibraltar
60.8%
Acquired by which historical figureGhenghis Khan
60.3%
Category Map % Correct
Overseas DependencyPuerto Rico
59.5%
Named after this monarchElizabeth I
59.1%
International UnionCommonwealth of Nations
57.8%
International UnionFrancophonie
56.9%
IslandTasmania
55.2%
Transport Route/SystemTrans-Siberian Railway
54.3%
UNESCO Heritage SiteStatue of Liberty
53.9%
Overseas DependencyFrench Polynesia
48.7%
CityAmsterdam
47.8%
Transport Route/SystemAmtrak Lines
46.6%
River/River SystemCongo
42.7%
Named after this monarchGeorge II
41.4%
Transport Route/SystemEurostar
36.6%
Named after this monarchJames II
36.2%
Transport Route/SystemOrient Express
36.2%
UNESCO Heritage SiteAcropolis
32.8%
CityCanberra
22%
UNESCO Heritage SiteChichen Itza
21.1%
CityCape Town
19%
UNESCO Heritage SiteTower of London
18.5%
UNESCO Heritage SitePont du Gard
13.8%
River/River SystemGanges
7.8%

You're not logged in!

Compare scores with friends on all Sporcle quizzes.
OR
Log In

You Might Also Like...

Show Comments

Extras

Created Feb 17, 2012ReportNominate
Tags:category, madness, map, represent

Top Quizzes Today


Score Distribution

Your Account Isn't Verified!

In order to create a playlist on Sporcle, you need to verify the email address you used during registration. Go to your Sporcle Settings to finish the process.

Report this User

Report this user for behavior that violates our Community Guidelines.

Details: